| 000 | 00623nam a22001937a 4500 | ||
|---|---|---|---|
| 005 | 20251108164652.0 | ||
| 008 | 250721s1987 xx 000 0 ara d | ||
| 082 | 1 | 4 | _a415/جرج |
| 100 | 1 | _aالجرجاني، أبو بكر عبد القادر بن عبد الرحمن | |
| 245 | 1 | 0 | _aكتاب المفتاح في الصرف / |
| 264 | 1 |
_aبيروت : _bمؤسسة الرسالة، _c1987. |
|
| 300 | _a120ص | ||
| 650 | 1 | 7 | _aاللغة العربية |
| 650 | 1 | 7 | _aقواعد اللغة |
| 650 | 1 | 7 | _aعلم الصرف |
| 700 | 1 |
_aالحمد، علي توفيق _eتحقيق |
|
| 942 |
_2ddc _cBK |
||
| 999 |
_c11393 _d11393 |
||